[Event "Invitation"]
[Site "http://www.queenalice.com/game.php?id=5710"]
[Date "2005.2.22"]
[Round "-"]
[White "jose_scalise"]
[Black "whitleon"]
[Result "0-1"]
[WhiteElo "1460"]
[BlackElo "1962"]

1. d4 d5 2. Nc3 e6 3. e4 dxe4 4. Nxe4 Nf6 5. Bg5 Be7 6. Bxf6 Bxf6 7. Nf3 O-O 8.
Qd2 b6 9. Bd3 Bb7 10. h4 Be7 11. Neg5 h6 12. Qf4 Nd7 13. Ne5 Nxe5 14. dxe5 hxg5
15. Qg4 f5 16. exf6 Rxf6 17. hxg5 Rf5 18. g6 Re5+ 19. Kf1 Bg5 20. Qh5 Bxg2+ 21.
Kxg2 Qd5+ 22. f3 Bh6 23. Qh3 Rg5+ 24. Kf1 Rf8 25. Ke2 Re5+ 26. Kf1 Rxf3+ 0-1

[Event "Challenge"]
[Site "http://www.queenalice.com/game.php?id=9861"]
[Date "2005.4.15"]
[Round "-"]
[White "whitleon"]
[Black "dnptrs"]
[Result "1-0"]
[WhiteElo "1500"]
[BlackElo "1853"]

1. d4 Nf6 2. c4 e6 3. Nc3 d5 4. Bg5 Be7 5. e3 Nbd7 6. Nf3 O-O 7. Bd3 c6 8. Qc2
h6 9. Bh4 dxc4 10. Bxc4 Nd5 11. Bg3 Nxc3 12. bxc3 Re8 13. O-O Bf6 14. a4 Nb6 15.
Bb3 Be7 16. c4 Nd7 17. e4 b6 18. d5 exd5 19. exd5 cxd5 20. cxd5 Nc5 21. Rfe1 Bb7
22. d6 Bf8 23. Rxe8 Qxe8 24. Re1 Qc6 25. Bxf7+ Kh8 26. Qg6 Nd7 27. Ba2 Nf6 28.
Be5 Re8 29. Bxf6 1-0

[Event "AUTO-MASTER-06"]
[Site "http://www.queenalice.com/game.php?id=10093"]
[Date "2005.4.18"]
[Round "1"]
[White "Mieke"]
[Black "whitleon"]
[Result "1-0"]
[WhiteElo "2052"]
[BlackElo "1962"]

1. d4 Nf6 2. Nf3 c5 3. c4 cxd4 4. Nxd4 g6 5. Nc3 Bg7 6. e4 Nc6 7. Nxc6 dxc6 8.
Qxd8+ Kxd8 9. Bd2 e5 10. f3 Be6 11. O-O-O Kc7 12. Be3 Rhd8 13. Rxd8 Kxd8 14. Bd3
Kc7 15. Rd1 b6 16. Rd2 Bf8 17. Kc2 Nd7 18. Nd5+ cxd5 19. cxd5 Bxd5 20. exd5 f5
21. Bb5 Rc8 22. Kd1 Bd6 23. Rc2+ Kd8 24. Bg5+ 1-0

[Event "AUTO-MASTER-06"]
[Site "http://www.queenalice.com/game.php?id=10094"]
[Date "2005.4.18"]
[Round "1"]
[White "whitleon"]
[Black "Mieke"]
[Result "0-1"]
[WhiteElo "1879"]
[BlackElo "2145"]

1. c4 e5 2. Nc3 Nc6 3. Nf3 Nf6 4. a3 d5 5. cxd5 Nxd5 6. Qa4 Nb6 7. Qc2 Bd6 8. d3
O-O 9. g3 Bg4 10. Bg2 Bxf3 11. Bxf3 Nd4 12. Qd1 Nxf3+ 13. exf3 Bc5 14. O-O Qd7
15. f4 Rae8 16. Ne4 Bd4 17. Qh5 exf4 18. gxf4 Nd5 19. Ng5 Qf5 20. Qf3 Kh8 21.
Ne4 c6 22. Rb1 Be5 23. Ng3 Qf6 24. Ne4 Qg6+ 25. Kh1 Nxf4 26. Rg1 Qh5 27. Qxh5
Nxh5 28. b4 b6 29. Bd2 Nf4 30. Bxf4 Bxf4 31. Rbe1 f5 32. Ng3 g6 33. Kg2 Rxe1 34.
Rxe1 Rd8 35. Re7 a5 36. Rb7 axb4 37. axb4 b5 38. Rb6 Rd6 39. Ne2 Bd2 40. d4 Bxb4
41. d5 Rxd5 42. Rxc6 Bd2 43. Ng1 b4 44. Rb6 Rd7 45. Nf3 Bc3 46. Ng5 Kg7 47. Rb8
Kf6 48. Nf3 Rd6 49. h4 h6 50. Rb7 Re6 51. Rh7 b3 0-1

[Event "AUTO-MASTER-06"]
[Site "http://www.queenalice.com/game.php?id=10109"]
[Date "2005.4.18"]
[Round "1"]
[White "whitleon"]
[Black "Artking"]
[Result "1-0"]
[WhiteElo "1939"]
[BlackElo "1632"]

1. Nf3 c5 2. e4 d6 3. d4 cxd4 4. Nxd4 a6 5. Nc3 Nf6 6. Be2 g6 7. Be3 Bg7 8. g4
h5 9. g5 Ng4 10. Bxg4 hxg4 11. Nd5 Be5 12. f4 e6 13. Nc3 g3 14. Qf3 Bxd4 15.
Bxd4 e5 16. Be3 gxh2 17. O-O-O Rh3 18. Qf2 Bg4 19. Rd2 exf4 20. Qxf4 Be6 21.
Rxd6 Nd7 22. Rxh2 Rxh2 23. Qxh2 Qb8 24. Na4 b5 25. Nb6 Ra7 26. Nxd7 Qxd6 27.
Qxd6 Rxd7 28. Qc6 Bg4 29. Bd4 Kf8 30. Qc8+ Ke7 31. Bc5+ 1-0

[Event "AUTO-MASTER-06"]
[Site "http://www.queenalice.com/game.php?id=10110"]
[Date "2005.4.18"]
[Round "1"]
[White "Artking"]
[Black "whitleon"]
[Result "0-1"]
[WhiteElo "1663"]
[BlackElo "1877"]

1. e4 c5 2. Nf3 g6 3. d4 Bg7 4. c3 d5 5. e5 Bg4 6. Bd3 Nc6 7. Nbd2 Qb6 8. O-O
Nh6 9. h3 Bd7 10. dxc5 Qxc5 11. Nb3 Qb6 12. Be3 Qc7 13. Re1 e6 14. Nbd4 a6 15.
a4 Nf5 16. Bf4 Qb6 17. g4 Nfxd4 18. Be3 Nxf3+ 19. Qxf3 Qc7 20. Bd4 Na5 21. b4
Nb3 22. Ra2 Nxd4 23. cxd4 Qc3 24. Rb1 Qxd4 0-1

[Event "AUTO-MASTER-06"]
[Site "http://www.queenalice.com/game.php?id=10111"]
[Date "2005.4.18"]
[Round "1"]
[White "whitleon"]
[Black "NextFuture"]
[Result "0-1"]
[WhiteElo "1918"]
[BlackElo "2055"]

1. Nf3 Nf6 2. c4 g6 3. d4 Bg7 4. Nc3 d5 5. Bf4 O-O 6. e3 c6 7. Be2 dxc4 8. Bxc4
b5 9. Bd3 b4 10. Na4 Nbd7 11. Rc1 Bb7 12. O-O Rc8 13. Qb3 a5 14. Ne5 Nxe5 15.
Bxe5 Ng4 16. Bxg7 Kxg7 17. Nc5 Qd6 18. g3 Rc7 19. Be4 Bc8 20. h3 Nf6 21. Bg2 e5
22. Rfd1 e4 23. Nxe4 Nxe4 24. Bxe4 Bxh3 25. Rc5 Re8 26. Bf3 Qf6 27. Bh1 h5 28.
Qc2 Bg4 29. Rc1 Bf3 30. Bxf3 Qxf3 31. Rxc6 Rce7 32. Re1 h4 33. gxh4 Qg4+ 34. Kf1
Qh3+ 35. Kg1 Re4 36. f3 Qxf3 37. Qf2 Rg4+ 38. Kh2 Qxf2+ 0-1

[Event "AUTO-MASTER-06"]
[Site "http://www.queenalice.com/game.php?id=10112"]
[Date "2005.4.18"]
[Round "1"]
[White "NextFuture"]
[Black "whitleon"]
[Result "1/2-1/2"]
[WhiteElo "2073"]
[BlackElo "1857"]

1. d4 d5 2. Bf4 Nf6 3. Nd2 Bf5 4. c4 e6 5. e3 c6 6. Qb3 Qb6 7. c5 Qxb3 8. axb3
Nbd7 9. h3 h5 10. b4 h4 11. Ngf3 Ne4 12. b5 f6 13. bxc6 bxc6 14. Ba6 e5 15. Bh2
Rb8 16. b3 Be7 17. O-O Rb4 18. Ra4 Rxa4 19. bxa4 Ndxc5 20. dxc5 Nxc5 21. Be2
Nxa4 22. Rc1 Bd7 23. Bxe5 fxe5 24. Nxe5 Rh6 25. Nxd7 Kxd7 26. Ra1 Nc3 27. Bg4+
Kd8 28. Rxa7 c5 29. Nb3 Rb6 30. Na5 Ke8 31. Bd7+ Kf7 32. Nc6 Bd6 33. f4 Kf6 34.
Be8 d4 35. Rf7+ Ke6 36. exd4 Bxf4 37. Nd8+ Kd5 38. dxc5 Be3+ 39. Kh2 Kxc5 40.
Rf5+ Kd4 41. Bc6 Rb1 42. g4 Rb2+ 43. Bg2 Ne2 44. Ne6+ Kc3 45. Rf3 Kd2 46. Nxg7
Bd4 47. Nh5 Be5+ 48. Kh1 Ng3+ 49. Nxg3 hxg3 50. Rf5 Bb8 51. h4 Ke2 52. Bf1+ Ke1
53. Bg2 Ke2 54. Bf1+ Ke1 55. Bg2 1/2-1/2

[Event "Challenge"]
[Site "http://www.queenalice.com/game.php?id=11842"]
[Date "2005.5.2"]
[Round "-"]
[White "whitleon"]
[Black "JimMorrisson"]
[Result "0-1"]
[WhiteElo "1885"]
[BlackElo "2037"]

1. e4 c5 2. Nf3 Nc6 3. d4 cxd4 4. Nxd4 g6 5. Be3 Bg7 6. c4 Nf6 7. f3 O-O 8. Be2
d6 9. Nc3 Bd7 10. Rc1 Nxd4 11. Bxd4 a5 12. Qd2 Bc6 13. O-O Nd7 14. b3 Bxd4+ 15.
Qxd4 Nc5 16. Rfd1 Qb6 17. Nd5 Bxd5 18. cxd5 Rfc8 19. Kf1 Qb4 20. Rc4 Qa3 21. Qd2
b5 22. Rd4 b4 23. e5 dxe5 24. Rh4 Nd7 25. f4 exf4 26. Rxf4 Nf8 27. Bf3 Ra7 28.
Qf2 Rac7 29. Qe2 a4 30. bxa4 Qxa4 31. Re4 Rc2 32. Qe1 Qb5+ 33. Kg1 Qc5+ 34. Kf1
Rc7 35. Rd2 Rc1 36. Rd1 Rxd1 37. Qxd1 Qd6 38. Kg1 Rc3 39. Re1 Nd7 40. Qd4 e5 41.
Qa7 Nf6 42. h3 Kg7 43. Qa5 e4 44. Be2 Rxh3 0-1

[Event "valdir"]
[Site "http://www.queenalice.com/game.php?id=13977"]
[Date "2005.5.22"]
[Round "-"]
[White "valdir"]
[Black "whitleon"]
[Result "0-1"]
[WhiteElo "1541"]
[BlackElo "1867"]

1. e4 c5 2. d3 Nc6 3. Be3 Nf6 4. Bxc5 Qa5+ 5. b4 Nxb4 6. Bxb4 Qxb4+ 7. Nd2 e6 8.
Be2 Bc5 9. Qc1 d5 10. a3 Qc3 11. exd5 Nxd5 12. Nf3 Nf4 13. Kf1 Bd6 14. Ne4 Qc7
15. a4 O-O 16. Qd1 Bd7 17. Kg1 Rac8 18. c4 Be7 19. Bf1 Bc6 20. g3 Nh5 21. Bh3
Nf6 22. Nxf6+ Bxf6 23. Ra2 Rcd8 24. Bf1 e5 25. Bg2 Rd7 26. h4 e4 27. Ne1 Rfd8
28. Rh2 Bc3 29. Bh3 Rd4 30. Qc1 Bxe1 31. Qxe1 Rxd3 32. Qe2 e3 33. f4 Be4 34. Bf1
Qc5 35. Qe1 e2+ 36. Rf2 exf1=R+ 37. Qxf1 Rxg3+ 38. Kh2 Rdd3 39. Qxd3 Rxd3 40.
Rab2 Qe3 41. Rxb7 Qg3# 0-1

[Event "QA-ANNIV-01"]
[Site "http://www.queenalice.com/game.php?id=15357"]
[Date "2005.6.4"]
[Round "1"]
[White "Lauantai"]
[Black "whitleon"]
[Result "0-1"]
[WhiteElo "1611"]
[BlackElo "1872"]

1. c4 b6 2. d4 Bb7 3. Nc3 Nf6 4. f3 e6 5. e4 d6 6. Bd3 Be7 7. Nge2 c5 8. d5 e5
9. O-O O-O 10. Be3 Ne8 11. b3 Bg5 12. Qd2 Bxe3+ 13. Qxe3 a6 14. a4 Bc8 15. Ng3
g6 16. Nce2 Ng7 17. f4 f5 18. fxe5 dxe5 19. exf5 gxf5 20. Qxe5 Re8 21. Qf4 Ra7
22. Kh1 Qc7 0-1

[Event "Let's Play Chess!"]
[Site "http://www.queenalice.com/game.php?id=16898"]
[Date "2005.6.22"]
[Round "-"]
[White "whitleon"]
[Black "victorhg"]
[Result "1-0"]
[WhiteElo "1867"]
[BlackElo "1396"]

1. e4 e6 2. d4 d5 3. Nd2 dxe4 4. Nxe4 f6 5. Bc4 f5 6. Ng5 Qe7 7. Qe2 h6 8. Nxe6
g5 9. Nxc7+ Kd8 10. Qxe7+ Bxe7 11. Nxa8 b6 12. h4 gxh4 13. Bf4 Nc6 14. O-O-O Bb7
15. Nc7 Nf6 16. Ne6+ Ke8 17. a3 Na5 18. Ba2 Nd5 19. Bxd5 Bxd5 20. Nc7+ Kd7 21.
Nxd5 1-0

[Event "Challenge"]
[Site "http://www.queenalice.com/game.php?id=19639"]
[Date "2005.7.14"]
[Round "-"]
[White "Be0wulf"]
[Black "whitleon"]
[Result "0-1"]
[WhiteElo "1919"]
[BlackElo "1815"]

1. c4 c5 2. Nf3 Nc6 3. e3 Nf6 4. Nc3 g6 5. d4 d6 6. d5 Na5 7. a3 b6 8. b4 Nb7 9.
Bb2 Bg7 10. Bd3 a6 11. h3 Bd7 12. Ne4 Nh5 13. Qb3 O-O 14. Bxg7 Nxg7 15. g4 a5
16. b5 f5 17. Neg5 e6 18. gxf5 exf5 19. a4 Qf6 20. O-O-O h6 21. Ne6 Nxe6 22.
dxe6 Bxe6 23. Rhg1 Kf7 24. e4 Rad8 25. Qb2 Rd7 26. e5 Qh8 27. exd6 Qxb2+ 28.
Kxb2 Kf6 29. Nh4 g5 30. Ng2 Nxd6 31. Kc3 f4 32. h4 Rfd8 33. hxg5+ hxg5 34. Ne1
Ne4+ 35. Kc2 Nxf2 36. Rd2 Nxd3 37. Rxd3 Bf5 0-1

[Event "tango"]
[Site "http://www.queenalice.com/game.php?id=24886"]
[Date "2005.8.20"]
[Round "-"]
[White "cacobaju"]
[Black "whitleon"]
[Result "1-0"]
[WhiteElo "1713"]
[BlackElo "1882"]

1. e4 c5 2. Bc4 a6 3. Nf3 e6 4. O-O Qc7 5. d3 Nc6 6. Nc3 Nf6 7. d4 cxd4 8. Nxd4
b5 9. Nxc6 Qxc6 10. Be2 b4 11. e5 bxc3 12. exf6 gxf6 13. Bf3 d5 14. Qd4 Rg8 15.
bxc3 1-0

[Event "Challenge"]
[Site "http://www.queenalice.com/game.php?id=25289"]
[Date "2005.8.22"]
[Round "-"]
[White "whitleon"]
[Black "Boeing"]
[Result "0-1"]
[WhiteElo "1844"]
[BlackElo "1770"]

1. e4 e5 2. Nf3 d6 3. d4 exd4 4. Nxd4 h6 5. Bc4 Nc6 6. Nc3 Ne5 7. Bb3 c6 8. f4
Ng4 9. Qf3 Be7 10. h3 N4f6 11. Be3 c5 12. Nde2 Nd7 0-1